| 000 | 00794cam a2200217 4500 | ||
|---|---|---|---|
| 001 | ABS61377 | ||
| 008 | 000000n1999 000 0 eng u | ||
| 035 | _a(Sirsi) u100539 | ||
| 100 | _aCooke, M. | ||
| 245 | 2 | _aA question of balance | |
| 260 | _c1999 | ||
| 490 |
_aHousing Today _v(151) 16 September 1999, 16-17(2) |
||
| 520 | _aCouncil housing is on the edge of significant change. When urban councils began to opt for more stock transfers this was unpopular. Now government has revealed plans to give tenants more power in the transfer process. Questions the direction the transfer process will take. | ||
| 590 | _aABS | ||
| 650 | _aSTOCK TRANSFERS | ||
| 650 | _aCOUNCIL HOUSING | ||
| 650 | _aLOCAL AUTHORITIES | ||
| 650 | _aHOUSING ESTATES | ||
| 690 | _aHOUSING | ||
| 942 | _n0 | ||
| 999 |
_c60143 _d60143 |
||